| 000 | 00718nam a22002297a 4500 | ||
|---|---|---|---|
| 999 |
_c3796 _d3796 |
||
| 003 | AR-CdUCM | ||
| 008 | 190307b ||||| |||| 00| 0 spa d | ||
| 040 |
_aMUNICIPALIDAD PROVINCIAL DEL CUSCO _cBIBLIOTECA MUNICIPAL DEL CUSCO |
||
| 041 | _hru. | ||
| 082 |
_a928.47 / _bT19 |
||
| 100 |
_aTarsis, Valery _912247 |
||
| 245 | _aPabellón 7 / | ||
| 260 |
_aBuenos Aires : _bAmericana, _c1965. |
||
| 300 |
_a190 paginas ; _c18 cm. |
||
| 440 |
_aTestimonios de Nuestro Tiempo _n1 _912248 |
||
| 505 | _aContenido :Novela / | ||
| 650 |
_aNovela autobiográfica _912249 |
||
| 700 |
_aIvan Maxiutenko (traductor) _912250 |
||
| 700 |
_aGuillermo Colondres Casado (traductor) _912251 |
||
| 942 |
_2ddc _cLIBROS |
||
| 945 | _arjall | ||